Země příběhů. Na vlnách fantazie /
Pátý díl příběhu ze země pohádek, kde ne všechno končí šťastně... Určeno dětem od 9 let.
Uloženo v:
| Série: | Země příběhů,
část 5 |
|---|---|
| Hlavní autor: | |
| Další autoři: | , |
| Médium: | E-kniha |
| Jazyk: | Czech |
| Vydáno: |
Praha :
Fragment,
2018
|
| Vydání: | 1. vydání |
| Témata: | |
| Příbuzné jednotky: | Z cyklu::
Země příběhů |
| Tagy: |
Žádné tagy |
| LEADER | 03259cam a2200565 i 4500 | ||
|---|---|---|---|
| 001 | 310986 | ||
| 003 | CZ PrSKC | ||
| 005 | 20260601215657.0 | ||
| 007 | ta | ||
| 008 | 181122s2018 xr a c 000 f cze | ||
| 015 | |a cnb003057992 | ||
| 020 | |a 9788025343401 |q (soubor) : |c Kč 1790,00 | ||
| 020 | |a 978-80-253-3935-0 |q (vázáno) | ||
| 035 | |a (OCoLC)1081401081 | ||
| 040 | |a BOA001 |b cze |d ABA001 |e rda | ||
| 041 | 1 | |a cze |h eng | |
| 072 | 7 | |a 821.111(73)-3 |x Americká próza |2 Konspekt | |
| 072 | 7 | |a 821-93 |x Literatura pro děti a mládež (beletrie) |2 Konspekt | |
| 080 | |a 821.111(73)-31 |2 MRF | ||
| 080 | |a 821-93 |2 MRF | ||
| 080 | |a (0:82-312.9) |2 MRF | ||
| 100 | 1 | |a Colfer, Chris, |d 1990- |7 xx0204002 |4 aut | |
| 240 | 1 | 0 | |a Author's odyssey. |l Česky |
| 245 | 1 | 0 | |a Země příběhů. |p Na vlnách fantazie / |c Chris Colfer ; ilustroval Brandon Dorman ; z anglického originálu The land of stories - An author's odyssey ... přeložila Veronika Volhejnová |
| 246 | 3 | 0 | |a Na vlnách fantazie |
| 250 | |a 1. vydání | ||
| 264 | 1 | |a Praha : |b Fragment, |c 2018 | |
| 300 | |a 340 stran : |b ilustrace ; |c 22 cm | ||
| 336 | |a text |b txt |2 rdacontent | ||
| 337 | |a bez média |b n |2 rdamedia | ||
| 338 | |a svazek |b nc |2 rdacarrier | ||
| 500 | |a Část nákladu distribuována v roce 2019 jako součást souboru 6 knih ve společném kartonovém pouzdru s názvem Země příběhů (Kouzelné přání, Návrat kouzelnice, Za hranice království, Varování bratří Grimmů, Na vlnách fantazie, Srážka světů); ISBN souboru pouze na krabici | ||
| 520 | 2 | |a Pátý díl příběhu ze země pohádek, kde ne všechno končí šťastně... Určeno dětem od 9 let. |b Maskovaný muž spojil síly s největšími padouchy a zajal všechny královské rodiny Země příběhů. Hodlá je zničit a stát se jediným vládcem. Alex a Conner vědí, že proti takové přesile nemají šanci. Pak si ale uvědomí, že mocnou zbraní může být jejich vlastní fantazie. A tak se vydávají do světa Connerových příběhů a začnou shromažďovat armádu pirátů, kyborgů, mumií a superhrdinů. Blíží se rozhodující bitva, ale i něco mnohem horšího... Nakladatelská anotace. | |
| 655 | 7 | |a americké romány |7 fd131796 |2 czenas | |
| 655 | 7 | |a fantasy romány |7 fd184199 |2 czenas | |
| 655 | 7 | |a publikace pro děti |7 fd133156 |2 czenas | |
| 655 | 9 | |a American fiction |2 eczenas | |
| 655 | 9 | |a fantasy novels |2 eczenas | |
| 655 | 9 | |a children's literature |2 eczenas | |
| 700 | 1 | |a Dorman, Brandon |7 xx0206338 |4 ill | |
| 700 | 1 | |a Volhejnová, Veronika, |d 1962- |7 jn20010309724 |4 trl | |
| 740 | 0 | 2 | |a Země příběhů - box 1-6 |
| 740 | 0 | 2 | |a Země příběhů - komplet |
| 787 | 0 | 8 | |i Z cyklu: |t Země příběhů |g 5 |
| 900 | |a ABA001 |b 21 | ||
| 928 | 9 | |a Albatros Media - Fragment | |
| 044 | |a xr | ||
| 910 | |a RBIT002 | ||
| 998 | |d 180949 |a https://core.palmknihy.cz/api/books/180949/cover?pj7pek |b https://core.palmknihy.cz/api/books/180949/cover/400?pj7pek |c https://core.palmknihy.cz/api/books/180949/cover/50?pj7pek |e 2027-10-11 |g 344 |i 9788025339350 |j https://core.palmknihy.cz/api/books/180949/preview.epub |k https://core.palmknihy.cz/api/books/180949/preview.pdf |l |q 49 |r 1 |s https://www.palmknihy.cz/kniha/180949 |t ebook |y 2018 |z 0 |v Země příběhů |w 5 | ||
| 999 | |d 310984 | ||